| 000 | 00561nam a2200193 i 4500 | ||
|---|---|---|---|
| 001 | 55754 | ||
| 003 | ES-MaACL | ||
| 005 | 20230906163219.0 | ||
| 007 | t| | ||
| 008 | 030926s1956 sp ||||1| spa d | ||
| 100 | 1 |
_aDevoto, Daniel. _944029 |
|
| 245 | 1 | 0 |
_aPaso del unicornio _b: 1938-1948) / _cDaniel Devoto. |
| 260 |
_aValencia : _bCastalia, _c1956 ( _fTip. Moderna) |
||
| 300 |
_a238 p. ; _c20 cm. |
||
| 490 | 1 | _aProsistas contemporáneos | |
| 830 | 0 |
_aProsistas contemporáneos _9182563 |
|
| 852 |
_aES-MaACL _jC-14495 _bR.40577 |
||
| 999 |
_c55754 _d55754 |
||